000 00535nam a2200181Ia 4500
999 _c8984
_d8984
003 OSt
005 20201007133759.0
008 190216s9999||||xx |||||||||||||| ||und||
020 _a9788120313354
040 _coclc
082 _a005.7565
_bANT/U
100 _aAntonovich, Michael
_95398
245 0 _aUsing Visual Foxpro 5 /
_cMichael Antonovich
260 _bPrentice Hall Of India Pvt Ltd,
_aNew Delhi:
_c2000.
300 _a927p
650 _aComputer
942 _cBK
_2ddc
_h005.7565
_iANT/U
_k005.7565
_mANT/U